000 00620nam a2200181 a 4500
005 20141126140349.0
008 140124b2005 ck ||||| |||| 00| 0 spa d
040 _c22473
041 _aspa
044 _ack
090 _aIAVH
_b00480
100 _aBarrios Leal, Dora Yovana
_95083
245 _aEvaluación genética de los bosques de roble (Quercus humboltii bonpl) en la jurisdicción de la línea de investigación en conservación de la biodiversidad en paisajes rurales
_binforme final
260 _aCali
_bInstituto Alexander von Humboldt
_c2005
300 _a27 p.
942 _cINFORME
_2z
945 _d2005-12-07
999 _c4944
_d4944